00341nam a2200133Ia 4500003000400000005001700004008004100021040000700062041000800069082001900077245006200096260004100158365000800199OSt20230606110024.0210423s2003 xx 000 0 und d cAL aeng a301223b SACT aCommunal harmony minority relations and cultural freedom. aMangalorebSt.Aloysius Collegec2003 cINR